| 000 | 00778cam a22002414a 4500 | ||
|---|---|---|---|
| 001 | 13897691 | ||
| 003 | OSt | ||
| 005 | 20140318143602.0 | ||
| 008 | 050307s2004 arg spa | ||
| 020 | _a950-727-584-3 | ||
| 040 |
_aDLC _cBMC |
||
| 082 | _a611.01816 | ||
| 245 | 0 | 0 |
_aGenoma humano _corganizadores, Salvador Darío Bergel, Nelly Minyersky ; autores, Aída Kemelmajer de Carlucci ... [et al.] |
| 250 | _a1ª ed | ||
| 260 |
_aBuenos Aires ; Santa Fe _bRubinzal-Culzoni _c2004 |
||
| 300 |
_a330 p. _c22 cm |
||
| 500 | _aPrecede al tít.: Cátedra UNESCO de Bioética (UBA) | ||
| 650 | 2 | 4 |
_912204 _aGenoma humano |
| 700 | 1 |
_aKemelmajer de Carlucci, Aída _96819 |
|
| 700 | 1 |
_aBergel, Salvador Darío _915011 |
|
| 700 | 1 |
_aMinyersky, Nelly _915663 |
|
| 942 |
_2ddc _cBK |
||
| 999 |
_c8126 _d8126 |
||